[Event "NCL967 Barbican-BCM"]
[Site "Rd4"]
[Date "1996.11.24"]
[Round "4.1"]
[White "Crouch, Colin"]
[Black "Mestel, Jonathan"]
[Result "1/2-1/2"]
[WhiteElo "2375"]
[BlackElo "2510"]
[PlyCount "56"]
[EventDate "1996.11.24"]
[Source "J.Saunders"]
[SourceDate "1998.06.06"]

1. d4 Nf6 2. Nf3 g6 3. Bg5 Bg7 4. Nbd2 d5 5. e3 c6 6. Bd3 Qb6 7. Rb1 O-O 8. O-O
Re8 9. c4 Nbd7 10. cxd5 cxd5 11. Qb3 Qxb3 12. axb3 Nb8 13. b4 Nc6 14. b5 Nb4
15. Be2 Bf5 16. Ra1 a5 17. bxa6 bxa6 18. Ra4 Rab8 19. Rc1 Bd3 20. Bxf6 Bxe2 21.
Bxg7 Kxg7 22. Ne5 Nd3 23. Nxd3 Bxd3 24. Ra3 Be2 25. Re1 Bb5 26. Rc3 Rec8 27.
Rec1 Rxc3 28. Rxc3 Rb7 1/2-1/2

[Event "NCL967 Barbican-BCM"]
[Site "Rd4"]
[Date "1996.11.24"]
[Round "4.2"]
[White "Chandler, Murray"]
[Black "Pritchett, Craig"]
[Result "1-0"]
[WhiteElo "2550"]
[BlackElo "2325"]
[PlyCount "77"]
[EventDate "1996.11.24"]
[Source "J.Saunders"]
[SourceDate "1998.06.06"]

1. e4 c5 2. c3 Nf6 3. e5 Nd5 4. d4 cxd4 5. Nf3 e6 6. cxd4 d6 7. a3 Bd7 8. Bd3
Bc6 9. O-O Nd7 10. b4 a6 11. Re1 Be7 12. Nbd2 Nf4 13. Be4 d5 14. Bc2 Ng6 15. g3
O-O 16. h4 Re8 17. Nf1 a5 18. Rb1 axb4 19. axb4 Bb5 20. Ng5 Ndf8 21. Nh2 Ra2
22. Ng4 h6 23. Nh3 Qc7 24. Bb3 Ra6 25. h5 Nh8 26. Bd2 Rc8 27. Qf3 Qd8 28. Ra1
Rxa1 29. Rxa1 Ra8 30. Nxh6+ gxh6 31. Qg4+ Nfg6 32. Rxa8 Qxa8 33. hxg6 Nxg6 34.
Bc2 Qa1+ 35. Kh2 Be8 36. Bxg6 fxg6 37. Qxe6+ Bf7 38. Qxe7 Qxd4 39. Bxh6 1-0

[Event "NCL967 Barbican-BCM"]
[Site "Rd4"]
[Date "1996.11.24"]
[Round "4.3"]
[White "Dishman, Stephen"]
[Black "Bellin, Robert"]
[Result "1/2-1/2"]
[WhiteElo "2300"]
[BlackElo "2375"]
[PlyCount "44"]
[EventDate "1996.11.24"]
[Source "J.Saunders"]
[SourceDate "1998.06.06"]

1. d4 e6 2. e4 d5 3. exd5 exd5 4. Nf3 Nf6 5. c4 Bb4+ 6. Nc3 O-O 7. Be2 h6 8.
O-O Be6 9. c5 Bxc3 10. bxc3 Ne4 11. Qc2 b6 12. Nd2 Nxd2 13. Qxd2 c6 14. Ba3 Re8
15. Qf4 Nd7 16. Qd6 Bf5 17. Rfe1 Re6 18. Qf4 Rf6 19. c4 Be6 20. Qc1 bxc5 21.
dxc5 dxc4 22. Bxc4 Nf8 1/2-1/2

[Event "NCL967 Barbican-BCM"]
[Site "Rd4"]
[Date "1996.11.24"]
[Round "4.4"]
[White "Cafferty, Bernard"]
[Black "Rogers, Jonathan"]
[Result "0-1"]
[WhiteElo "2240"]
[BlackElo "2300"]
[PlyCount "80"]
[EventDate "1996.11.24"]
[Source "J.Saunders"]
[SourceDate "1998.06.06"]

1. Nf3 Nf6 2. g3 g6 3. b3 Bg7 4. Bb2 O-O 5. Bg2 d6 6. d4 c6 7. O-O Bf5 8. Nbd2
a5 9. a4 d5 10. Nh4 Bg4 11. h3 Bd7 12. f4 c5 13. e3 Nc6 14. Nhf3 cxd4 15. exd4
Qc8 16. Kh2 Nb4 17. c4 Bf5 18. Ne1 Rd8 19. Qe2 Ra6 20. cxd5 Nfxd5 21. Nc4 Re6
22. Qd2 b6 23. Nf3 Rc6 24. Nfe5 Rc7 25. Rac1 Qb8 26. g4 Bc8 27. Kh1 f6 28. Nd3
Nxd3 29. Qxd3 Rcd7 30. f5 Bb7 31. fxg6 hxg6 32. Qxg6 Nf4 33. Rxf4 Qxf4 34. Bxb7
Rxb7 35. Re1 Qf3+ 36. Kg1 Qxb3 37. Qe4 Rc7 38. Qe6+ Kh8 39. Re5 fxe5 40. Nxe5
Qxe6 0-1

[Event "NCL967 Barbican-BCM"]
[Site "Rd4"]
[Date "1996.11.24"]
[Round "4.5"]
[White "Bowden, Karl"]
[Black "Friedgood, David"]
[Result "1-0"]
[WhiteElo "2355"]
[BlackElo "2270"]
[PlyCount "53"]
[EventDate "1996.11.24"]
[Source "J.Saunders"]
[SourceDate "1998.06.06"]

1. e4 c5 2. c3 d6 3. d4 Nf6 4. Bd3 g6 5. dxc5 dxc5 6. e5 Ng4 7. Qe2 Nc6 8. f4
h5 9. Nf3 Nh6 10. Be3 e6 11. Nbd2 Be7 12. Ne4 b6 13. Bb5 Qc7 14. Nd6+ Kf8 15.
Rd1 Nf5 16. Nxc8 Rxc8 17. Bf2 Kg7 18. O-O Nb8 19. h3 c4 20. Nd2 Rhd8 21. Ne4
Rd5 22. Rxd5 exd5 23. g4 hxg4 24. hxg4 dxe4 25. gxf5 gxf5 26. Qh5 Rg8 27. Kh2
1-0

[Event "NCL967 Barbican-BCM"]
[Site "Rd4"]
[Date "1996.11.24"]
[Round "4.6"]
[White "Anderton, David"]
[Black "Twyble, Michael"]
[Result "1/2-1/2"]
[WhiteElo "2200"]
[BlackElo "2250"]
[PlyCount "85"]
[EventDate "1996.11.24"]
[Source "J.Saunders"]
[SourceDate "1998.06.06"]

1. d4 Nf6 2. c4 g6 3. g3 Bg7 4. Bg2 c5 5. Nf3 Qa5+ 6. Nc3 Ne4 7. Qd3 cxd4 8.
Nxd4 Nc5 9. Qd1 Nc6 10. e3 Ne5 11. O-O Ned3 12. Nd5 e6 13. b4 Nxb4 14. Bd2 exd5
15. a3 Nca6 16. axb4 Qd8 17. Bxd5 Nc7 18. Bg2 O-O 19. Qb3 d6 20. Bc3 a6 21.
Rfd1 Qe7 22. Rd2 Rb8 23. Rad1 Bg4 24. Nf3 Bxc3 25. Qxc3 Rfc8 26. Qd4 Be6 27.
Bf1 Ne8 28. Qf4 Bf5 29. Rd4 Rc7 30. h4 h5 31. R1d2 Rbc8 32. Ng5 Qe5 33. Qf3 Nf6
34. Rxd6 Ne4 35. Nxe4 Bxe4 36. Qf4 Qxf4 37. gxf4 Bc6 38. Rd8+ Rxd8 39. Rxd8+
Kg7 40. Rd4 Kf6 41. Bg2 Ke6 42. e4 a5 43. bxa5 1/2-1/2

[Event "NCL967 Barbican-BCM"]
[Site "Rd4"]
[Date "1996.11.24"]
[Round "4.7"]
[White "Sands, David"]
[Black "Bellin, Jana"]
[Result "1-0"]
[WhiteElo "2260"]
[BlackElo "2215"]
[PlyCount "75"]
[EventDate "1996.11.24"]
[Source "J.Saunders"]
[SourceDate "1998.06.06"]

1. d4 Nf6 2. c4 c5 3. d5 e5 4. Nc3 d6 5. e4 Be7 6. g3 O-O 7. Bg2 Ne8 8. Nge2
Nd7 9. O-O g6 10. f4 exf4 11. gxf4 Bf6 12. Be3 Bg7 13. Qd2 Nef6 14. Kh1 Ng4 15.
Bg1 a6 16. Rab1 Qh4 17. b4 b6 18. Rb3 f5 19. exf5 gxf5 20. Nd1 Ndf6 21. Nf2 Re8
22. bxc5 bxc5 23. Nxg4 Nxg4 24. Ng3 Bd7 25. Bf3 Rab8 26. Bd1 Rxb3 27. axb3 Nf6
28. Be3 Ne4 29. Nxe4 fxe4 30. Rg1 Kh8 31. b4 cxb4 32. Qxb4 Qf6 33. Qb7 Bc8 34.
Qc7 Qe7 35. Qb6 Bf6 36. c5 dxc5 37. Bxc5 Qf7 38. Bh5 1-0

[Event "NCL967 Barbican-BCM"]
[Site "Rd4"]
[Date "1996.11.24"]
[Round "4.8"]
[White "Edwards, Ray"]
[Black "Lang, Heather"]
[Result "1-0"]
[WhiteElo "2079"]
[BlackElo "2065"]
[PlyCount "51"]
[EventDate "1996.11.24"]
[Source "J.Saunders"]
[SourceDate "1998.06.06"]

1. d4 f5 2. Nf3 Nf6 3. g3 g6 4. Bg2 Bg7 5. O-O O-O 6. b3 d6 7. Bb2 Qe8 8. c4
Na6 9. Nbd2 c5 10. d5 h6 11. a3 Qf7 12. Qc2 Nc7 13. Rad1 g5 14. e4 fxe4 15.
Nxe4 Nxe4 16. Bxg7 Kxg7 17. Qxe4 Bf5 18. Qe3 Qf6 19. Nd2 Rae8 20. Ne4 Bxe4 21.
Bxe4 e5 22. b4 b6 23. bxc5 bxc5 24. Rb1 Rb8 25. Bc2 Qf3 26. Qxf3 1-0

[Event "NCL967 Bristol-Midland Mons"]
[Site "Rd4"]
[Date "1996.11.24"]
[Round "4.1"]
[White "Baker, Chris W"]
[Black "Arkell, Keith"]
[Result "0-1"]
[WhiteElo "2370"]
[BlackElo "2545"]
[PlyCount "80"]
[EventDate "1996.11.24"]
[Source "J.Saunders"]
[SourceDate "1998.06.06"]

1. e4 c6 2. d4 d5 3. Nc3 dxe4 4. Nxe4 Nd7 5. Bc4 Ngf6 6. Ng5 e6 7. Qe2 Nb6 8.
Bd3 h6 9. N5f3 c5 10. dxc5 Nbd7 11. b4 Nd5 12. Bd2 Qf6 13. Rb1 a5 14. a3 g5 15.
Bb5 Bg7 16. Qc4 axb4 17. axb4 Ra1 18. Rxa1 Qxa1+ 19. Ke2 Nc7 20. c6 Nxb5 21.
Qxb5 bxc6 22. Qxc6 O-O 23. g4 Nf6 24. h4 Bd7 25. Qb7 Qa2 26. Ne5 Qxc2 27. hxg5
Ne4 28. Qxd7 Bxe5 29. Rxh6 Nc3+ 30. Kf1 Qd1+ 31. Kg2 Qxg4+ 32. Kh1 Ne4 33. Be3
Nxf2+ 34. Bxf2 Qe4+ 35. Nf3 Qxf3+ 36. Kg1 Qg4+ 37. Kf1 Ra8 38. Qd3 Ra1+ 39. Be1
Bd4 40. Rh1 Ra2 0-1

[Event "NCL967 Bristol-Midland Mons"]
[Site "Rd4"]
[Date "1996.11.24"]
[Round "4.2"]
[White "Parker, Jonathan"]
[Black "Burgess, Graham"]
[Result "1-0"]
[WhiteElo "2470"]
[BlackElo "2290"]
[PlyCount "57"]
[EventDate "1996.11.24"]
[Source "J.Saunders"]
[SourceDate "1998.06.06"]

1. d4 Nf6 2. c4 g6 3. Nc3 Bg7 4. e4 d6 5. f4 O-O 6. Nf3 Na6 7. Bd3 e5 8. fxe5
dxe5 9. d5 c6 10. O-O cxd5 11. cxd5 b5 12. Bg5 b4 13. Na4 h6 14. Bxf6 Bxf6 15.
Rc1 Bg7 16. Qe2 Bd7 17. b3 Bxa4 18. bxa4 Nc7 19. Bb5 Ne8 20. Bxe8 Qxe8 21. Rc6
Rb8 22. Qc4 h5 23. Rc7 Bh6 24. d6 Qe6 25. Nxe5 Be3+ 26. Kh1 Bb6 27. Rfxf7 Qxc4
28. Rg7+ Kh8 29. Nxg6# 1-0

[Event "NCL967 Bristol-Midland Mons"]
[Site "Rd4"]
[Date "1996.11.24"]
[Round "4.3"]
[White "Beaumont, Chris"]
[Black "Buckley, Graeme"]
[Result "0-1"]
[WhiteElo "2330"]
[BlackElo "2370"]
[PlyCount "45"]
[EventDate "1996.11.24"]
[Source "J.Saunders"]
[SourceDate "1998.06.06"]

1. d4 Nf6 2. c4 Nc6 3. Nf3 e6 4. Nc3 Bb4 5. Bg5 d5 6. e3 h6 7. Bh4 g5 8. Bg3
Ne4 9. Nd2 Nxc3 10. bxc3 Bxc3 11. Rb1 e5 12. Rb5 exd4 13. cxd5 Ne7 14. Be5 O-O
15. Qf3 Ng6 16. Bf6 Qd6 17. Bxd4 Bxd4 18. exd4 Re8+ 19. Kd1 a6 20. Rc5 Bd7 21.
Bd3 b6 22. Rc3 Bb5 23. g3 0-1

[Event "NCL967 Bristol-Midland Mons"]
[Site "Rd4"]
[Date "1996.11.24"]
[Round "4.4"]
[White "Ferguson, Mark"]
[Black "Mah, Karl"]
[Result "1-0"]
[WhiteElo "2385"]
[BlackElo "2245"]
[PlyCount "101"]
[EventDate "1996.11.24"]
[Source "J.Saunders"]
[SourceDate "1998.06.06"]

1. Nf3 d6 2. e4 c5 3. d3 Nf6 4. g3 b6 5. Bg2 Bb7 6. O-O Nbd7 7. a4 g6 8. Re1
Bg7 9. a5 O-O 10. Nc3 Ne5 11. Nd2 Rb8 12. f4 Nc6 13. axb6 axb6 14. Nc4 Nd7 15.
h4 Nd4 16. Nd5 b5 17. Na5 Ba8 18. c3 Nc6 19. Nxc6 Bxc6 20. f5 Nb6 21. Bg5 Bxd5
22. exd5 Nc8 23. fxg6 hxg6 24. Bh3 b4 25. Bd2 bxc3 26. bxc3 Nb6 27. h5 Nxd5 28.
hxg6 e5 29. gxf7+ Rxf7 30. Be6 Nc7 31. Bxf7+ Kxf7 32. Qh5+ Kg8 33. Rf1 Qe8 34.
Qxe8+ Nxe8 35. Rfb1 Rc8 36. Ra7 d5 37. Rba1 Nf6 38. Ra8 Rxa8 39. Rxa8+ Kf7 40.
Bg5 Nh5 41. g4 Nf4 42. Bxf4 exf4 43. Ra7+ Kg6 44. c4 dxc4 45. dxc4 Bd4+ 46. Kg2
Kg5 47. Kf3 Be3 48. Rd7 Kg6 49. Rd5 Kf6 50. Rf5+ Kg6 51. Rxf4 1-0

[Event "NCL967 Bristol-Midland Mons"]
[Site "Rd4"]
[Date "1996.11.24"]
[Round "4.5"]
[White "Cole, Roland"]
[Black "Collinson, Adam"]
[Result "1/2-1/2"]
[WhiteElo "2215"]
[BlackElo "2380"]
[PlyCount "49"]
[EventDate "1996.11.24"]
[Source "J.Saunders"]
[SourceDate "1998.06.06"]

1. d4 Nf6 2. c4 g6 3. Nc3 Bg7 4. e4 d6 5. Nf3 O-O 6. Be2 e5 7. O-O Na6 8. Be3
Qe8 9. d5 Ng4 10. Bg5 h6 11. Bh4 f5 12. Ne1 g5 13. Bg3 Nf6 14. f3 f4 15. Bf2
Qg6 16. Kh1 Rf7 17. Nd3 g4 18. fxg4 Nxe4 19. Nxe4 Qxe4 20. Re1 Bd7 21. Rc1 Qg6
22. Bf3 Re8 23. Be4 Qg5 24. h3 c5 25. a3 1/2-1/2

[Event "NCL967 Bristol-Midland Mons"]
[Site "Rd4"]
[Date "1996.11.24"]
[Round "4.6"]
[White "Hunt, Harriet"]
[Black "Collier, David"]
[Result "0-1"]
[WhiteElo "2315"]
[BlackElo "2225"]
[PlyCount "116"]
[EventDate "1996.11.24"]
[Source "J.Saunders"]
[SourceDate "1998.06.06"]

1. e4 c5 2. Nf3 d6 3. d4 cxd4 4. Nxd4 Nf6 5. Nc3 a6 6. Be2 e5 7. Nb3 Be7 8. O-O
O-O 9. a4 Be6 10. f4 Qc7 11. f5 Bc4 12. Be3 Rd8 13. a5 Nbd7 14. Nd2 d5 15. Bxc4
dxc4 16. Qe2 Bb4 17. Ra4 Bxa5 18. Rxc4 Qd6 19. Rd1 Bb6 20. Nf1 Qe7 21. Nd5 Nxd5
22. exd5 Qd6 23. Kh1 Rac8 24. Rh4 Bxe3 25. Nxe3 b5 26. b3 Rc7 27. c4 Rdc8 28.
Ng4 bxc4 29. bxc4 Kh8 30. Nf2 Qb4 31. Rc1 Qa3 32. Nd3 Rb7 33. h3 Rb3 34. Rd1
Qe7 35. Re4 f6 36. Qc2 Qa3 37. Qe2 Rc3 38. d6 Qb3 39. Nc1 Qa4 40. c5 Qc6 41.
Nd3 Nxc5 42. Nxc5 Rxc5 43. Re3 Rd8 44. Red3 h6 45. d7 Rc1 46. Rxc1 Qxc1+ 47.
Rd1 Qc6 48. Qd2 a5 49. Qxa5 Rxd7 50. Rb1 Qc7 51. Qb4 Qd8 52. Kh2 Qe7 53. Qc4
Rd8 54. Rb6 Qd7 55. Qc2 Qd2 56. Qb1 Qf4+ 57. Kh1 e4 58. Re6 Rc8 0-1

[Event "NCL967 Bristol-Midland Mons"]
[Site "Rd4"]
[Date "1996.11.24"]
[Round "4.7"]
[White "Phillips, Roy"]
[Black "Cooper, Lawrence"]
[Result "1/2-1/2"]
[WhiteElo "2120"]
[BlackElo "2335"]
[PlyCount "40"]
[EventDate "1996.11.24"]
[Source "J.Saunders"]
[SourceDate "1998.06.06"]

1. e4 e5 2. Nf3 Nc6 3. Nc3 Nf6 4. d4 exd4 5. Nxd4 Bb4 6. Nxc6 bxc6 7. Bd3 d5 8.
exd5 cxd5 9. O-O O-O 10. Bg5 c6 11. Na4 Bd6 12. Re1 Be6 13. c3 Re8 14. Bc2 h6
15. Bh4 c5 16. Qd3 g5 17. Bg3 Rc8 18. Re2 Bxg3 19. hxg3 Bg4 20. Ree1 Qd6
1/2-1/2

[Event "NCL967 Bristol-Midland Mons"]
[Site "Rd4"]
[Date "1996.11.24"]
[Round "4.8"]
[White "Regan, Natasha"]
[Black "Buckley, Melanie"]
[Result "1/2-1/2"]
[WhiteElo "2155"]
[BlackElo "2040"]
[PlyCount "65"]
[EventDate "1996.11.24"]
[Source "J.Saunders"]
[SourceDate "1998.06.06"]

1. e4 d6 2. d4 Nf6 3. Nc3 g6 4. Be3 c6 5. h3 b5 6. e5 dxe5 7. dxe5 Qxd1+ 8.
Rxd1 Nfd7 9. Bd4 Nb6 10. Nxb5 cxb5 11. e6 Bxe6 12. Bxh8 f6 13. g4 a6 14. Bg2
Ra7 15. Ne2 Rc7 16. b3 Kf7 17. Nf4 Bd7 18. Nd5 Nxd5 19. Bxd5+ e6 20. Be4 Bb4+
21. Ke2 Rc8 22. Bxf6 Kxf6 23. h4 e5 24. g5+ Kf7 25. c4 Rc7 26. Rd3 Nc6 27.
Rxd7+ Rxd7 28. Bxc6 Rd2+ 29. Kf3 bxc4 30. bxc4 Rxa2 31. Rd1 Rd2 32. Bd5+ Ke7
33. Rxd2 1/2-1/2

[Event "NCL967 Guildford-Croydon"]
[Site "Rd4"]
[Date "1996.11.24"]
[Round "4.1"]
[White "Kinsman, Andrew"]
[Black "Wilson, Jon"]
[Result "1/2-1/2"]
[WhiteElo "2400"]
[BlackElo "2285"]
[PlyCount "67"]
[EventDate "1996.11.24"]
[Source "J.Saunders"]
[SourceDate "1998.06.06"]

1. d4 d5 2. c4 c6 3. Nf3 Nf6 4. Nc3 e6 5. Bg5 dxc4 6. e4 b5 7. e5 h6 8. Bh4 g5
9. exf6 gxh4 10. Ne5 Qxf6 11. a4 c5 12. Be2 cxd4 13. Qxd4 Bg7 14. f4 Qe7 15.
axb5 Nd7 16. Qe4 Nb6 17. Bf3 O-O 18. O-O Nd5 19. Nxd5 exd5 20. Qxd5 Be6 21. Qd4
Rfd8 22. Qf2 Bd5 23. Bxd5 Rxd5 24. Nc6 Qc5 25. Qxc5 Rxc5 26. Rxa7 Rxa7 27. Nxa7
Bd4+ 28. Kh1 Rc7 29. b6 Bxb6 30. Nb5 Rd7 31. Na3 Rd4 32. Rc1 Rxf4 33. Nxc4 Bd4
34. g3 1/2-1/2

[Event "NCL967 Guildford-Croydon"]
[Site "Rd4"]
[Date "1996.11.24"]
[Round "4.2"]
[White "Harley, Andrew"]
[Black "Povah, Nigel"]
[Result "1/2-1/2"]
[WhiteElo "2265"]
[BlackElo "2375"]
[PlyCount "69"]
[EventDate "1996.11.24"]
[Source "J.Saunders"]
[SourceDate "1998.06.06"]

1. e4 d5 2. exd5 Nf6 3. d4 Bg4 4. Bb5+ Nbd7 5. f3 Bf5 6. c4 e6 7. dxe6 fxe6 8.
Ne2 c6 9. Ba4 e5 10. O-O Qb6 11. Kh1 O-O-O 12. d5 cxd5 13. cxd5 Nc5 14. Bc2
Bxc2 15. Qxc2 Nxd5 16. a3 Kb8 17. b4 Ne6 18. Qe4 Be7 19. Bb2 Ne3 20. Bxe5+ Ka8
21. Rc1 Rd1+ 22. Rxd1 Nxd1 23. Bg3 Bf6 24. Ra2 Nf2+ 25. Bxf2 Qxf2 26. h3 Ng5
27. Qf5 a6 28. Rc2 Rb8 29. Nbc3 Re8 30. Nd5 Rxe2 31. Rxe2 Qf1+ 32. Kh2 Qxe2 33.
Qc8+ Ka7 34. Qc5+ Kb8 35. Qc7+ 1/2-1/2

[Event "NCL967 Guildford-Croydon"]
[Site "Rd4"]
[Date "1996.11.24"]
[Round "4.3"]
[White "Kennaugh, Charles"]
[Black "Lazarus, Simon"]
[Result "1/2-1/2"]
[WhiteElo "2290"]
[BlackElo "2128"]
[PlyCount "48"]
[EventDate "1996.11.24"]
[Source "J.Saunders"]
[SourceDate "1998.06.06"]

1. e4 c5 2. Nf3 Nc6 3. d4 cxd4 4. Nxd4 Nf6 5. Nc3 e5 6. Ndb5 d6 7. a4 a6 8. Na3
Be6 9. Bg5 Be7 10. Bc4 O-O 11. Bxf6 Bxf6 12. Bd5 Rc8 13. Nc4 Nd4 14. Ne3 Qb6
15. Rb1 Bg5 16. O-O Bxe3 17. fxe3 Nc6 18. Bxe6 fxe6 19. Qxd6 Qxe3+ 20. Kh1 Nd4
21. Qxe5 Rf2 22. Rfe1 Rcf8 23. h3 Qf4 24. Qxf4 R8xf4 1/2-1/2

[Event "NCL967 Guildford-Croydon"]
[Site "Rd4"]
[Date "1996.11.24"]
[Round "4.4"]
[White "Gunter, David"]
[Black "Thompson, Ian"]
[Result "0-1"]
[WhiteElo "2155"]
[BlackElo "2300"]
[PlyCount "66"]
[EventDate "1996.11.24"]
[Source "J.Saunders"]
[SourceDate "1998.06.06"]

1. d4 b5 2. Nf3 Bb7 3. Bf4 Nf6 4. e3 a6 5. c4 c5 6. dxc5 Nc6 7. cxb5 axb5 8.
Nc3 Qa5 9. Qb3 Ne4 10. Be2 Ba6 11. O-O Nxc5 12. Qc2 e6 13. a3 Qb6 14. b4 Nb7
15. Ne4 f5 16. Ng3 Bd6 17. Qb2 O-O 18. Bxd6 Nxd6 19. Rfd1 Qc7 20. Qd2 Nc4 21.
Qxd7 Qxd7 22. Rxd7 Rfd8 23. Rxd8+ Rxd8 24. Bxc4 bxc4 25. Ne2 Rd3 26. Ned4 Nxd4
27. Nxd4 e5 28. b5 Bb7 29. Nf3 Rb3 30. a4 c3 31. Ne1 Be4 32. Rc1 c2 33. f3 Rb1
0-1

[Event "NCL967 Guildford-Croydon"]
[Site "Rd4"]
[Date "1996.11.24"]
[Round "4.5"]
[White "Abayasekera, Roger"]
[Black "James, Russell"]
[Result "1-0"]
[WhiteElo "2255"]
[BlackElo "2120"]
[PlyCount "75"]
[EventDate "1996.11.24"]
[Source "J.Saunders"]
[SourceDate "1998.06.06"]

1. e4 e6 2. Nf3 d5 3. Nc3 Nf6 4. e5 Nfd7 5. d4 c5 6. dxc5 Nc6 7. Bb5 Bxc5 8.
O-O O-O 9. Na4 Be7 10. Re1 a6 11. Bxc6 bxc6 12. c4 Nb6 13. Nxb6 Qxb6 14. Qc2
Qd8 15. Be3 Bd7 16. Rad1 Rc8 17. c5 Rb8 18. a3 f5 19. exf6 Bxf6 20. Bd4 Bxd4
21. Rxd4 Rxf3 22. gxf3 Qf6 23. Rb4 Rxb4 24. axb4 Qxf3 25. Qc3 Qxc3 26. bxc3 g5
27. Re5 h6 28. h4 g4 29. Kh2 Kf7 30. Kg3 Kf6 31. f4 Bc8 32. Re1 Bd7 33. Kxg4
e5+ 34. Kh5 e4 35. Kxh6 Bg4 36. Rg1 Kf5 37. h5 Kxf4 38. Rf1+ 1-0

[Event "NCL967 Guildford-Croydon"]
[Site "Rd4"]
[Date "1996.11.24"]
[Round "4.6"]
[White "McGrath, James"]
[Black "Forster, Michael"]
[Result "1/2-1/2"]
[WhiteElo "2088"]
[BlackElo "2305"]
[PlyCount "52"]
[EventDate "1996.11.24"]
[Source "J.Saunders"]
[SourceDate "1998.06.06"]

1. c4 Nf6 2. Nf3 g6 3. g3 Bg7 4. Bg2 d6 5. d4 O-O 6. Nc3 Nbd7 7. O-O c6 8. Qd2
Re8 9. d5 cxd5 10. cxd5 Nc5 11. Nd4 Qb6 12. Rd1 a5 13. Rb1 Bd7 14. b3 e5 15.
dxe6 fxe6 16. Bb2 d5 17. e3 Kh8 18. Nf3 Bc6 19. Ne5 Ncd7 20. Nxd7 Nxd7 21. Ne2
Qc7 22. Nf4 Bxb2 23. Qxb2+ Qe5 24. h4 Qxb2 25. Rxb2 Nf6 26. Rc2 Re7 1/2-1/2

[Event "NCL967 Guildford-Croydon"]
[Site "Rd4"]
[Date "1996.11.24"]
[Round "4.7"]
[White "Anderton, Matthew"]
[Black "De Coverly, Roger"]
[Result "1-0"]
[WhiteElo "2175"]
[BlackElo "2085"]
[PlyCount "81"]
[EventDate "1996.11.24"]
[Source "J.Saunders"]
[SourceDate "1998.06.06"]

1. e4 e5 2. Nf3 Nc6 3. Bb5 Nf6 4. O-O d6 5. Re1 Be7 6. c3 O-O 7. h3 a6 8. Bxc6
bxc6 9. d4 exd4 10. cxd4 d5 11. exd5 cxd5 12. Ne5 Bb7 13. Qb3 Rb8 14. Bf4 Ne4
15. Nc3 Ba8 16. Qc2 Rb6 17. Re2 f6 18. Nd3 f5 19. f3 c5 20. Na4 Rg6 21. Ne5 Ng3
22. Ree1 Nh5 23. Nxg6 hxg6 24. Be5 c4 25. Nc3 Bh4 26. Red1 Qg5 27. Qd2 f4 28.
Ne2 Qf5 29. b4 Bc6 30. a4 Bd7 31. Rdb1 Qg5 32. g4 fxg3 33. Qxg5 Bxg5 34. Kg2
Bf5 35. Rb2 Bd3 36. b5 axb5 37. axb5 Be3 38. b6 Bxe2 39. Rxe2 Bf4 40. b7 Bxe5
41. Rxe5 1-0

[Event "NCL967 Guildford-Croydon"]
[Site "Rd4"]
[Date "1996.11.24"]
[Round "4.8"]
[White "Turvey, Syringa"]
[Black "Fink Nunn, Petra"]
[Result "0-1"]
[WhiteElo "1624"]
[BlackElo "2080"]
[PlyCount "72"]
[EventDate "1996.11.24"]
[Source "J.Saunders"]
[SourceDate "1998.06.06"]

1. e4 c5 2. d4 cxd4 3. c3 dxc3 4. Nxc3 Nc6 5. Nf3 d6 6. Bc4 e6 7. O-O Be7 8.
Qe2 Bd7 9. Rd1 a6 10. Be3 Nf6 11. Rac1 O-O 12. h3 b5 13. Bb3 Qb8 14. Bf4 Ne5
15. Nxe5 dxe5 16. Bg5 Qb7 17. Bc2 Bc6 18. a3 a5 19. Bd3 b4 20. Nb5 Rfd8 21. a4
Rd7 22. f3 Nh5 23. Bxe7 Rxe7 24. Bc4 Rd7 25. Rxd7 Bxd7 26. Rd1 Bxb5 27. Bxb5
Nf6 28. Qd2 Qb6+ 29. Kh2 h6 30. Rc1 Rd8 31. Qc2 Qe3 32. Rd1 Rxd1 33. Qxd1 Qd4
34. Qc1 Nh5 35. Qc8+ Kh7 36. Qf8 Nf4 0-1

[Event "NCL967 Slough-Northumbria"]
[Site "Rd4"]
[Date "1996.11.24"]
[Round "4.1"]
[White "Miles, Anthony"]
[Black "Rowson, Jonathan"]
[Result "0-1"]
[WhiteElo "2630"]
[BlackElo "2425"]
[PlyCount "112"]
[EventDate "1996.11.24"]
[Source "J.Saunders"]
[SourceDate "1998.06.06"]

1. d4 Nf6 2. Bg5 e6 3. Nd2 h6 4. Bh4 c5 5. e3 cxd4 6. exd4 Be7 7. c3 b6 8. Bd3
O-O 9. Ngf3 Nh5 10. Bg3 Bb7 11. Ne5 Nf6 12. O-O d6 13. Nec4 Nc6 14. Ne3 Re8 15.
Qe2 g6 16. Rad1 Nh5 17. Rfe1 Bf8 18. Bc2 Rc8 19. Qg4 Nxg3 20. hxg3 h5 21. Qf4
d5 22. g4 Bd6 23. Qf3 hxg4 24. Nxg4 Kg7 25. Ba4 Rh8 26. g3 a6 27. Qe3 Rh5 28.
Nf3 b5 29. Bb3 Na5 30. Kg2 Qe7 31. Rh1 Rch8 32. Rxh5 gxh5 33. Nge5 Nc4 34. Qe2
f6 35. Nd3 e5 36. Nh4 Bc8 37. dxe5 fxe5 38. Ne1 Qf7 39. Bc2 e4 40. Rc1 Bg4 41.
f3 exf3+ 42. Nexf3 Re8 43. Qf2 Ne3+ 44. Kg1 Qc7 45. Kh2 Qd8 46. Ng2 Rf8 47.
Qxe3 Rxf3 48. Qa7+ Qc7 49. Qxc7+ Bxc7 50. Kg1 Rxg3 51. Bd1 Bf5 52. Kf2 Be4 53.
Ne1 h4 54. Bf3 Bb6+ 55. Ke2 h3 56. Rd1 h2 0-1

[Event "NCL967 Slough-Northumbria"]
[Site "Rd4"]
[Date "1996.11.24"]
[Round "4.2"]
[White "Ledger, Andrew"]
[Black "Kosten, Anthony"]
[Result "1/2-1/2"]
[WhiteElo "2415"]
[BlackElo "2525"]
[PlyCount "75"]
[EventDate "1996.11.24"]
[Source "J.Saunders"]
[SourceDate "1998.06.06"]

1. e4 c5 2. Nc3 Nc6 3. g3 g6 4. d3 Bg7 5. Be3 d6 6. Qd2 e5 7. Bg2 Nge7 8. f4
O-O 9. Nh3 Nd4 10. O-O Bg4 11. fxe5 dxe5 12. Nf2 Be6 13. Ncd1 b6 14. c3 Ndc6
15. Bh6 Qd7 16. Bxg7 Kxg7 17. Ne3 Rad8 18. Qe2 f6 19. a3 a5 20. Rad1 b5 21. h4
Rb8 22. Kh2 b4 23. axb4 cxb4 24. Bh3 Bxh3 25. Nxh3 a4 26. d4 exd4 27. cxd4 a3
28. Nf4 Nd8 29. e5 Ne6 30. exf6+ Rxf6 31. Ng4 Nxf4 32. Rxf4 Re6 33. Ne5 Nf5 34.
Qg4 Qe7 35. Rdf1 Rf8 36. bxa3 Ne3 37. Qxe6 Rxf4 38. Rc1 {
scoresheet indecipherable} 1/2-1/2

[Event "NCL967 Slough-Northumbria"]
[Site "Rd4"]
[Date "1996.11.24"]
[Round "4.3"]
[White "Summerscale, Aaron"]
[Black "Bell, Stephen"]
[Result "1/2-1/2"]
[WhiteElo "2500"]
[BlackElo "2365"]
[PlyCount "134"]
[EventDate "1996.11.24"]
[Source "J.Saunders"]
[SourceDate "1998.06.06"]

1. d4 e6 2. c4 Bb4+ 3. Bd2 a5 4. g3 Nf6 5. Bg2 d5 6. Qc2 Nc6 7. Nf3 dxc4 8.
Qxc4 Qd5 9. Qd3 Qe4 10. Qxe4 Nxe4 11. a3 Nxd2 12. Nbxd2 Be7 13. Rc1 Bd8 14. Ne4
Ne7 15. Ne5 Nf5 16. e3 Ke7 17. Rc2 Nd6 18. Nc5 f6 19. Ned3 Ra7 20. Ke2 b6 21.
Ne4 Ba6 22. Rhc1 Nxe4 23. Bxe4 c5 24. dxc5 f5 25. Bc6 bxc5 26. Rxc5 Bb6 27.
R5c3 Rd8 28. Rb3 Rd6 29. Bb5 a4 30. Rb4 Ba5 31. Bxa6 Bxb4 32. Nxb4 Raxa6 33.
Nxa6 Rxa6 34. Rc4 Kd6 35. Kd3 g5 36. e4 g4 37. exf5 exf5 38. Rb4 Ra5 39. Ke3
Ke5 40. Rc4 Rb5 41. Rb4 Ra5 42. f4+ Kd5 43. Kd3 Ra6 44. Rb5+ Ke6 45. Kc4 Rc6+
46. Kb4 Rc2 47. Kxa4 Rxh2 48. Re5+ Kd6 49. b4 Rg2 50. Rxf5 Rxg3 51. Rg5 Ke6 52.
f5+ Kd5 53. f6+ Ke6 54. Rg7 h5 55. f7 Rf3 56. Rh7 Rxf7 57. Rxh5 Rg7 58. Rh2 g3
59. Rg2 Kd5 60. Kb3 Ke4 61. b5 Kf3 62. Rg1 Kf2 63. Rb1 g2 64. Kc4 g1=Q 65. Rxg1
Rxg1 66. b6 Ra1 67. Kc5 Rxa3 1/2-1/2